Disciplina y convivencia en la institución escolar

Guardat en:
Dades bibliogràfiques
Autors principals: Antúnez Marcos, Serafín (Autor), Boqué Torremorell, María Carme (Autor), Casamayor Pérez, Gregorio (Autor), Cela Ollé, Jaume (Autor), Díez de Ulzurrun Pausas, Ascensió (Autor), Fajardo Berruga, Pedro (Autor), Funes Artiaga, Jaume (Autor), Garrell Traveria, Teresa (Autor), Mainer Baqué, Juan (Autor), Massaguer Ballbè, Miquel (Autor), Moreu Calvo, Ángel Carlos (Autor), Notó Brullas, Francesc (Autor), Perales Cortés, Presentación (Autor), Rigol Muxart, Albert (Autor), Tudela Garcia, Pilar (Autor)
Altres autors: Martí Olivella, Josep (autor)
Format: Llibre
Idioma:espanyol
Publicat: Caracas Laboratorio Educativo 2000
Col·lecció:Claves para la Innovación Educativa, 5
Matèries:
Etiquetes: Afegir etiqueta
Sense etiquetes, Sigues el primer a etiquetar aquest registre!

MARC

LEADER 00000nam a2200000 a 4500
001 UCO8955
003 CL-VaPUC
005 20240826110052.0
008 010112e20000000VE |||||||||||||||||spa|d
999 |c 293369  |d 293367 
020 |a 8478272399 
040 |c Pontificia Universidad Católica de Valparaíso 
082 0 4 |a 371.1024  |b ANT  |2 21 
100 0 |a Antúnez Marcos, Serafín  |e author  |9 453945 
245 1 0 |a Disciplina y convivencia en la institución escolar 
260 |a Caracas  |b Laboratorio Educativo  |c 2000 
300 |a 154 p 
490 0 |a Claves para la Innovación Educativa, 5 
583 |a last modification  |c 20130106 10:23:07  |k Rodrigo Vera 
650 0 |a Disciplina escolar  |9 271077 
650 0 |a Psicología educacional   |9 307830 
700 |a Boqué Torremorell, María Carme  |e author  |9 496893 
700 0 |a Casamayor Pérez, Gregorio  |e author  |9 453947 
700 0 |a Cela Ollé, Jaume  |e author  |9 453948 
700 0 |a Díez de Ulzurrun Pausas, Ascensió   |e author  |9 453949 
700 0 |a Fajardo Berruga, Pedro  |e author  |9 453950 
700 0 |a Funes Artiaga, Jaume  |e author  |9 453951 
700 0 |a Garrell Traveria, Teresa  |e author  |9 453952 
700 0 |a Mainer Baqué, Juan  |e author  |9 453953 
700 |a Martí Olivella, Josep  |e autor  |9 862905 
700 0 |a Massaguer Ballbè, Miquel   |e author  |9 453955 
700 0 |a Moreu Calvo, Ángel Carlos  |e author  |9 453956 
700 0 |a Notó Brullas, Francesc  |e author  |9 453957 
700 0 |a Perales Cortés, Presentación  |e author  |9 453958 
700 0 |a Rigol Muxart, Albert   |e author  |9 453959 
700 0 |a Tudela Garcia, Pilar  |e author  |9 453960 
942 |c BK  |2 ddc 
945 |d 20010112 00:00:00  |a cmena 
952 |0 0  |1 0  |4 0  |6 371_102400000000000_ANT_2000  |7 0  |8 A  |9 344847  |a BIBEDU  |b BIBEDU  |d 2019-11-20  |i 3682676  |o 371.1024 ANT 2000  |p 3682676  |r 2019-11-20  |w 2019-11-20  |y BK  |k EDU 
952 |0 0  |1 0  |4 0  |6 371_102400000000000_ANT_2000  |7 0  |8 A  |9 344848  |a BIBEDU  |b BIBEDU  |d 2019-11-20  |i 4065484  |o 371.1024 ANT 2000  |p 4065484  |r 2019-11-20  |w 2019-11-20  |y BK  |k PAR